| 000 | 00485nam a2200181Ia 4500 | ||
|---|---|---|---|
| 003 | GCL | ||
| 008 | 140319s9999 xx 000 0 ara d | ||
| 040 |
_aGCL / _cGCL |
||
| 082 | 0 | 4 |
_a327.12 _bج ح |
| 100 | 1 | _aجابر عبدالسلام هلال | |
| 245 | 1 | 0 |
_aحرب المخابرات / _cجابر عبدالسلام هلال |
| 300 | _a175 ص | ||
| 490 | _a | ||
| 650 | 0 | 4 | _aالمخابرات |
| 650 | 0 | 4 | _aالجواسيس |
| 650 | 0 | 4 | _aالجاسوسية |
| 942 |
_2ddc _cBK |
||
| 999 |
_c45099 _d45099 |
||